Characters from Books #11 - Statistics

General Stats
  • This quiz has been taken 351 times
  • The average score is 7 of 15
Answer Stats
Hint Answer % Correct
Ron Weasley Harry Potter Series
97%
Bilbo Baggins The Hobbit
86%
Sauron The Lord of the Rings
84%
Holden Caulfield The Catcher in the Rye
67%
Boo Radley To Kill a Mockingbird
64%
Vito Corleone The Godfather
59%
Emma Woodhouse Emma
56%
Mr. Rochester Jane Eyre
53%
Mrs. de Winter Rebecca
37%
Elinor Dashwood Sense and Sensibility
37%
Ashley Wilkes Gone with the Wind
34%
Amy Dunn Gone Girl
13%
Meggie Cleary The Thorn Birds
8%
Stu Redman The Stand
6%
Gus McCrae Lonesome Dove
5%
No matching quizzes found
Score Distribution
Percent of People with Each Score
Percentile by Number Answered
Your Score History
You have not taken this quiz